000 00524nam a2200169 i 4500
001 37214
003 ES-MaACL
005 20230906155527.0
007 t|
008 030220s1959 sp ||||1| spa d
100 1 _aBuck, Pearl S. (
_d1892-1973)
_932316
245 1 0 _aPeonía
_b: novela /
_cPearl S. Buck ; traducción del inglés por Elvira Martín.
260 _aBarcelona :
_bPlaneta,
_c[1959] (
_fBallesteros)
300 _a345 p. ;
_c19 cm.
700 1 _aMartín, Elvira.
_977291
852 _aES-MaACL
_jC-16666
_bR.45209
999 _c37214
_d37214